[Event "Magnus Carlsen Invitational 2020"]
[Site "magnuscarlsen.com"]
[Date "2020.04.20"]
[Round "2.1"]
[White "Carlsen, Magnus"]
[Black "Firouzja, Alireza"]
[Result "1-0"]
[WhiteElo "2881"]
[BlackElo "2703"]
[Annotator "TA"]
[PlyCount "67"]
[EventDate "2020.04.18"]
[EventType "tourn"]
[EventCountry "NOR"]
[SourceTitle "playchess.com"]
[Source "ChessBase"]
[SourceQuality "1"]

{[%evp 9,67,20,21,0,17,0,0,-2,5,0,0,0,0,0,0,0,1,0,0,0,0,0,0,-19,-16,-20,0,-13,
0,0,0,0,0,0,0,0,0,0,5,0,46,47,73,73,73,69,80,77,75,64,79,41,207,194,168,189,
708,695,682,630]} 1. d4 Nf6 2. c4 e6 3. Nf3 d5 4. Nc3 Bb4 5. cxd5 exd5 6. Bf4 {
D38: Queen's Gambit Declined: Ragozin Defence (4 Nf3 Bb4).} Nc6 7. Rc1 $5 {
[%mdl 4] An interesting side line.} Ne4 8. Nd2 {The position is equal.} g5 9.
Be3 Nxc3 10. bxc3 Ba3 11. Rb1 f5 12. g3 {[#]} O-O $146 ({Predecessor:} 12...
Bd6 13. Nf3 f4 14. Bc1 Qf6 15. Bg2 Ne7 16. O-O b6 17. c4 Bf5 18. c5 Bxb1 {
0-1 (41) Gaehwiler,G (2412)-Georgiadis,N (2514) Leukerbad 2019}) 13. Qb3 Be7 {
White must now prevent ...f4.} 14. f4 $1 {Threatening Bg2.} Na5 15. Qc2 c6 16.
Bg2 Bd6 17. c4 gxf4 18. gxf4 Be6 19. cxd5 cxd5 20. O-O Kh8 21. Nf3 Nc4 22. Qd3
b6 23. Kh1 Qe7 24. Ne5 Bxe5 25. fxe5 Rg8 26. Bf4 Rg6 27. Bh3 Rf8 28. Rf3 Qh4
29. Rbf1 Qh5 30. Bc1 {[%cal Rh3f5]} Rfg8 $2 {This move loses the game for
Black.} (30... b5 $14) 31. Bxf5 $18 Rg2 {[%csl Gh5][%cal Rg2h2] [#]} 32. Bh3 $1
{[%cal Rh3g2]} Rxe2 $2 (32... Bxh3 33. Rxh3 Qf7) 33. Qxe2 Bxh3 {[#]} 34. Rg1 $1
{Accuracy: White = 96%, Black = 77%.} 1-0

[Event "Magnus Carlsen Invitational 2020"]
[Site "magnuscarlsen.com"]
[Date "2020.04.21"]
[Round "2.1"]
[White "Ding, Liren"]
[Black "Caruana, Fabiano"]
[Result "1/2-1/2"]
[WhiteElo "2836"]
[BlackElo "2773"]
[Annotator "TA"]
[PlyCount "70"]
[EventDate "2020.04.18"]
[EventType "tourn"]
[EventCountry "NOR"]
[SourceTitle "playchess.com"]
[Source "ChessBase"]
[SourceQuality "1"]

{[%evp 12,70,23,0,22,0,0,0,0,-6,8,0,0,0,0,0,0,0,0,0,0,-13,37,0,7,0,26,26,21,19,
39,30,29,0,60,20,25,20,31,34,37,35,31,29,30,32,21,0,0,0,0,0,0,0,0,0,0,0,0,0,0]
} 1. Nf3 d5 2. g3 Nc6 3. d4 Bf5 4. Bg2 e6 5. O-O Nb4 6. Na3 Nc6 7. Nb1 Nb4 {
D02: 1 d4 d5 2 Nf3 sidelines, including 2...Nf6 3 g3 and 2...Nf6 3 Bf4.} 8. c4
Nc2 9. cxd5 Nxa1 10. dxe6 fxe6 {[#]} 11. e4 $1 {[%mdl 512]} Bxe4 12. Nc3 $1 {
[%cal Rc3e4] [#]} Bxf3 $146 ({Predecessor:} 12... Bf5 13. Nh4 Qd7 14. Nxf5 exf5
15. Bxb7 Rb8 16. Re1+ Be7 17. Bd5 Rb6 18. Bg5 Kf8 19. Bf4 Nf6 20. Bc4 h5 {
1/2-1/2 (36) Blohberger,F (2409)-Petrosyan,M (2569) Batumi 2018}) 13. Bxf3 Qd7
14. Bxb7 Rb8 15. Bg2 Nf6 16. Qe2 Be7 17. Bf4 O-O 18. Rxa1 Nd5 19. Nxd5 exd5 20.
Rc1 Rb7 21. Qh5 {[%mdl 1024] White has compensation.} Rf5 22. Qe2 {Bh3 is the
strong threat.} (22. Qf3 {is more complex.} Rxb2 23. Qc3 Qb5 24. Qxc7 Qb7 25.
h4) 22... Rf7 (22... Rf8 $11) 23. h4 c6 24. Bf3 Bf6 25. Bg4 Re7 $1 {[%cal
Re7e2]} 26. Bxd7 Rxe2 27. Bxc6 {[%mdl 64] [#] Double Attack} Rbxb2 28. Bxd5+
Kf8 29. Rc7 {The position is equal.} Bxd4 30. Bd6+ Ke8 31. Bc6+ Kd8 32. Rd7+
Kc8 33. Rc7+ Kd8 34. Rd7+ Kc8 35. Rc7+ Kd8 {Accuracy: White = 86%, Black = 87%.
} 1/2-1/2

[Event "Magnus Carlsen Invitational 2020"]
[Site "magnuscarlsen.com"]
[Date "2020.04.20"]
[Round "2.1"]
[White "Nakamura, Hikaru"]
[Black "Giri, Anish"]
[Result "1-0"]
[WhiteElo "2829"]
[BlackElo "2731"]
[Annotator "TA"]
[PlyCount "83"]
[EventDate "2020.04.18"]
[EventType "tourn"]
[EventCountry "NOR"]
[SourceTitle "playchess.com"]
[Source "ChessBase"]
[SourceQuality "1"]

{[%evp 17,83,7,1,-39,-20,-26,-38,-40,0,0,28,28,27,27,56,39,43,43,40,25,29,29,
39,22,24,4,34,8,33,9,27,22,35,0,54,52,54,58,68,51,105,105,105,105,137,133,126,
126,120,134,378,382,383,370,382,383,379,360,398,354,358,344,533,531,722,706,
29994,29995]} 1. d4 Nf6 2. c4 g6 3. Nf3 Bg7 4. e3 O-O 5. Be2 c5 6. d5 d6 7. O-O
e6 8. Nc3 exd5 9. cxd5 Bg4 10. Nd2 {E61: King's Indian: Early deviations for
White, including Smyslov System.} Bxe2 11. Qxe2 Na6 {[#]} 12. Rd1 $146 {
Black is slightly better.} ({Predecessor:} 12. Nc4 Nc7 13. a4 Ncxd5 14. Nxd5
Nxd5 15. Rd1 Nb4 16. Nxd6 Qe7 17. Nc4 Rfd8 18. Bd2 {0-1 (56) Gouloutis,N (2347)
-Krysa,L (2523) Thessaloniki 2020}) 12... Re8 13. Nc4 Ne4 14. Nxe4 Rxe4 15. a4
Nc7 16. Bd2 Qd7 17. Qd3 f5 18. Bc3 Rd8 19. f3 Ree8 20. Be1 Qe7 21. Bg3 Bf6 22.
Rac1 b6 23. Be1 Bg5 {[%cal Rg5e3]} 24. Bd2 Bf6 25. b4 Qd7 (25... Na6 $1 $11)
26. b5 Qf7 27. Be1 Qe7 28. Rb1 f4 (28... Bg7 $14) 29. e4 $16 Bd4+ 30. Kh1 Rb8
31. Bc3 Bxc3 32. Qxc3 Qf8 33. a5 bxa5 $2 {This costs Black the game.} (33...
Red8 $16 34. e5 dxe5) 34. Qxa5 $18 {[%mdl 64] Double Attack} Rb7 {[#]} 35. e5
$1 {[%mdl 512]} dxe5 36. d6 Na8 {[#]} 37. Nxe5 $1 {[%mdl 512]} Nb6 (37... Rxe5
38. d7) 38. d7 Rd8 39. Rd2 Qf5 (39... c4 {was necessary.} 40. Re1 Rc7) 40. Re1
Kg7 41. Qc3 {Threatening mate with Ng4+.} Qxd7 42. Nxd7+ {Accuracy: White =
89%, Black = 48%.} 1-0

[Event "Magnus Carlsen Invitational 2020"]
[Site "magnuscarlsen.com"]
[Date "2020.04.21"]
[Round "2.1"]
[White "Nepomniachtchi, Ian"]
[Black "Vachier-Lagrave, Maxime"]
[Result "0-1"]
[WhiteElo "2778"]
[BlackElo "2860"]
[Annotator "TA"]
[PlyCount "116"]
[EventDate "2020.04.18"]
[EventType "tourn"]
[EventCountry "NOR"]
[SourceTitle "playchess.com"]
[Source "ChessBase"]
[SourceQuality "1"]

{[%evp 12,116,0,0,0,0,0,0,0,0,0,0,0,-27,-38,-53,-43,-44,-16,-120,31,-86,63,70,
55,74,88,57,18,0,-7,-90,-91,-133,-100,-142,-133,-158,-153,-199,-184,-293,-306,
-312,-295,-355,-335,-344,-315,-306,-239,-347,-322,-343,-343,-895,-804,-785,
-432,-735,-249,-712,-311,-379,-325,-29992,-293,-260,-293,-293,-295,-294,-294,
-291,-282,-277,-269,-320,-303,-321,-320,-320,-306,-314,-312,-341,-342,-399,
-371,-405,-282,-395,-357,-404,-393,-395,-377,-372,-360,-29996,-29997,-29997,
-29998,-29998,-29998,-29998,-29999]} 1. c4 c6 2. Nf3 d5 3. g3 Nf6 4. Bg2 dxc4
5. O-O Nbd7 6. Na3 Nb6 7. Qc2 Be6 {A11: English Opening: 1...c6.} 8. Ng5 Bg4 9.
Nxc4 Bxe2 {The position is equal.} 10. Ne5 $1 Bh5 $1 11. Re1 h6 12. Ngxf7 (12.
Ne4 $5 {[%cal Re4f6]} e6 13. Nxf6+ gxf6 14. Bxc6+ $1 {[%mdl 512]} bxc6 15.
Qxc6+ Ke7 16. Qb7+ Ke8 17. Qc6+ Ke7 18. Qb7+ Ke8 19. Qc6+ Ke7 $11) 12... Bxf7
13. b4 (13. Nxf7 $2 Kxf7 14. Bh3 (14. Qf5 $2 Qd7 $19) 14... g6 $19) 13... a6
14. a4 {[#]} (14. Nxf7 $2 Kxf7 15. Bh3 (15. Qf5 $2 Qd7 $19) 15... g6 $19) 14...
g5 $146 {White must now prevent ...Bg7.} ({Predecessor:} 14... h5 15. a5 Nbd5
16. Bh3 Qd6 17. Ba3 Qb8 18. Nxf7 Kxf7 19. Be6+ Ke8 20. Qg6+ Kd8 {1/2-1/2 (26)
Remis Fernandez,J (2408)-Marquez Abreu,C (2397) ICCF email 2013}) 15. Ba3 ({
Don't go for} 15. Nxf7 $2 Kxf7 16. Bb2 Bg7 $19) (15. Ra3 $11 {keeps the
balance.}) 15... Bg7 $2 ({Better is} 15... Rg8 $17 {...Bd5 is the strong
threat.} 16. b5 (16. Nxf7 Kxf7 17. b5 axb5 $19) 16... axb5 17. axb5 (17. Nxf7
$2 Kxf7 18. axb5 cxb5 $19) 17... Bd5 18. bxc6 Bxg2 19. Kxg2 Qd5+ 20. Kg1 bxc6
21. Nxc6 Rg7) 16. Ng6 (16. Nxf7 $14 {stays ahead.} Kxf7 17. b5) 16... Bxg6 ({
Black should try} 16... Nfd5 $17 17. Nxh8 Bxh8) 17. Qxg6+ $14 Kf8 18. b5 $1
Nbd5 19. bxc6 bxc6 20. Rab1 Qd7 21. Rb3 (21. Re5 $11 Qe8 22. Qf5) 21... Kg8 $1
$17 {Black continues to play with concentration.} 22. Reb1 Qe8 23. Qd3 Rh7 24.
Bb2 Bf8 25. Be5 Nd7 26. Bxd5+ (26. Bd4 $142) 26... cxd5 $19 27. Qxd5+ e6 28.
Qd4 Rf7 29. Bd6 Bxd6 30. Qxd6 Qe7 31. Qc6 (31. Qxe7 {is a better defense.} Rxe7
32. Rd3) 31... Raf8 32. Re3 Rxf2 {Threatens to win with ...Nc5.} 33. Rxe6 $2 (
33. Qxe6+ Qxe6 34. Rxe6) 33... Qf7 34. Qe4 Nf6 35. Qc4 {[#]} (35. Qc2 $142 Rxd2
36. Qxd2 Qxe6 37. Re1 Qb6+ 38. Qf2) 35... Rf3 $2 (35... Nd5 $1 {[%mdl 512]} 36.
Qxd5 Rf1+ {[%mdl 64] Double Attack} 37. Kg2 Rxb1 38. Rg6+ Kh7 $1 {[%mdl 512]}
39. Qxf7+ Rxf7 40. Rxa6 g4) 36. Kg2 $2 {[#]} (36. a5) 36... g4 (36... Nd5 $142
$1 {[%mdl 512]} 37. Qxd5 Rf2+ 38. Kh1 Rf1+ {[%mdl 64] Double Attack} 39. Kg2
Rxb1 40. Rg6+ Kh7 $1 {[%mdl 512]} 41. Qxf7+ Rxf7 42. Rxa6 Rd7) 37. Rbb6 Kh8 38.
h3 $2 (38. Qc5 $19) 38... Nh7 $2 (38... Rxg3+ {mates} 39. Kh2 Rxh3+ 40. Kg2
Rg3+ $1 {[%mdl 576] Decoy} 41. Kxg3 Nh5+ 42. Kh4 Qf2+ {[%mdl 64] Double Attack}
43. Kxh5 Rf5+ 44. Kxh6 Qh4+ 45. Kg6 Qh7#) 39. Qd4+ {[#]} Qg7 $1 {[%cal Rg7d4]}
40. Qxg7+ Kxg7 41. Re7+ Kh8 {( -> ...Rf2+)} 42. Re2 gxh3+ 43. Kxh3 R3f6 44. Rb7
Rg6 45. Ra7 Ng5+ 46. Kg2 Rgf6 47. d4 R8f7 48. Ra8+ Kg7 49. d5 Rd7 50. Rd2 Rfd6
51. g4 (51. a5 {was called for.}) 51... Ne4 52. Rc2 Nf6 53. Rc6 Rxd5 {Hoping
for ...Rd2+.} 54. Raxa6 Rd2+ 55. Kg3 $2 (55. Kf3 $19 R7d3+ 56. Kf4 Rf2+ 57. Ke5
Rd5+ 58. Ke6 Re2#) 55... R7d3+ {Black mates.} 56. Kf4 Rf2+ 57. Ke5 Re2+ 58. Kf4
Nd5+ {Accuracy: White = 39%, Black = 66%.} 0-1

[Event "Magnus Carlsen Invitational 2020"]
[Site "magnuscarlsen.com"]
[Date "2020.04.21"]
[Round "2.2"]
[White "Vachier-Lagrave, Maxime"]
[Black "Nepomniachtchi, Ian"]
[Result "1/2-1/2"]
[WhiteElo "2860"]
[BlackElo "2778"]
[Annotator "TA"]
[PlyCount "123"]
[EventDate "2020.04.18"]
[EventType "tourn"]
[EventCountry "NOR"]
[SourceTitle "playchess.com"]
[Source "ChessBase"]
[SourceQuality "1"]

{[%evp 13,123,-10,-9,-25,-8,-16,0,-1,0,0,0,0,0,0,0,0,0,0,0,0,0,0,0,0,0,0,5,0,
85,79,87,64,86,58,212,70,99,98,102,8,39,0,0,0,0,0,0,0,0,0,0,0,0,0,157,162,158,
145,143,152,139,54,58,55,173,162,168,53,33,27,27,0,195,180,196,116,120,63,97,
75,68,0,81,0,0,0,0,0,8,0,36,36,247,247,247,247,247,247,247,247,247,247,1472,
729,666,631,643,277,277,277,277,58]} 1. e4 e6 2. d4 d5 3. Nc3 Bb4 4. e5 c5 5.
a3 Bxc3+ 6. bxc3 Ne7 7. h4 Qc7 8. h5 {C18: French: 3 Nc3 Bb4: Main line: 7 h4
and 7 Qg4.} h6 9. Rb1 $1 {[%mdl 4] outshines the older 9.Nf3. Played by Maxime
Vachier Lagrave in March 2020.} b6 10. Qg4 {The position is equal.} Rg8 11.
Bb5+ Kf8 12. Bd3 Ba6 13. dxc5 Bxd3 14. cxd3 Nd7 15. d4 bxc5 {[#]} 16. Ne2 $146
({Predecessor:} 16. Qd1 Qa5 17. Bd2 Rb8 18. Ne2 c4 19. O-O Rb6 20. Qc2 Rh8 21.
a4 Ke8 22. Rb4 {1-0 (42) Vachier Lagrave,M (2767)-Nepomniachtchi,I (2774)
Ekaterinburg 2020}) 16... Rb8 17. Rxb8+ Qxb8 18. O-O c4 19. Rd1 Qb1 20. Rd2 Nb6
(20... Qb3 $11 {keeps the balance.}) 21. Rb2 $16 Qd3 22. Bd2 Ke8 23. Nf4 Qe4 $2
{[#]} (23... Qf5 $1 $14 24. Qd1 Nc6) 24. f3 ({Only move:} 24. a4 $1 $18 {
[%mdl 512]}) 24... Qh7 25. a4 Kd7 26. a5 (26. Bc1 $1 $16) 26... Na8 $1 $11 27.
Qg3 Nc7 28. Qe1 $36 {[%mdl 2048] White is pushing.} Nc6 29. Qa1 Rb8 30. Rxb8
Nxb8 31. Qa3 Qg8 32. Qc5 a6 $1 33. Bc1 Nb5 $2 (33... Qd8 $1 $11) 34. Nxd5 $1
$16 exd5 35. Qxd5+ Kc8 36. Qxc4+ Kb7 37. Qb3 (37. Bf4 $16) 37... Nc6 $14 38. c4
{[%mdl 64] Pin} Ncxd4 (38... Nxa5 $14 39. Qb4 {[%mdl 64] Pin} Qc8) 39. Qd3 $1
$18 Nc3 40. Bb2 (40. Kf2 $1 $18 Nce2 41. Qe4+ Kc7 42. e6 $1 {[%mdl 512]} fxe6
43. Bf4+ Nxf4 44. Qxf4+ Kc6 45. Qxd4) 40... Nce2+ $14 41. Kf2 {[%mdl 1024]
White has compensation.} Qd8 {...Qh4+ is the strong threat.} 42. Qe4+ Kc7 $2 (
42... Kb8 $1 $11 {and Black stays safe.}) 43. Ba3 $1 $18 Qg5 44. Bd6+ ({
White should try} 44. g4 $1 $18) 44... Kd7 $16 45. Qb7+ ({White should play} 
45. g4 $16) 45... Ke8 $14 46. Qc8+ Qd8 47. Qxd8+ Kxd8 48. Ke3 (48. Bc5 $1 $16)
48... Kd7 $11 49. g4 g6 $1 50. Bc5 Nb3 51. Kxe2 {Hoping for g5!} gxh5 {[%mdl
4096] Endgame KB-KN} (51... Nxc5 $5 52. g5 $8 gxh5 53. gxh6 Ne6 $11) 52. Bb6
hxg4 $2 (52... h4 $14) 53. fxg4 $18 {Black must now prevent Kd1.} Ke6 {[#]} 54.
Kd3 $1 {[%cal Rd3c2]} Kxe5 55. Kc3 Nc1 56. Be3 $1 {[%csl LRc1,LRh6][%mdl 64]
Double Attack} Ne2+ {[#]} 57. Kd3 $1 {[%cal Rd3e2]} Ng3 $2 (57... Nf4+ 58.
Bxf4+ Kxf4) 58. Bxh6 (58. Ba7 $142) 58... Ne4 59. Be3 Nd6 60. Bc5 (60. Bb6 $142
{Threatens to win with Bc7.} Ne8 61. g5) 60... Ne8 61. Ke3 Ke6 62. Bb6 $2 {
Accuracy: White = 65%, Black = 72%.} (62. g5 $18) 1/2-1/2

[Event "Magnus Carlsen Invitational 2020"]
[Site "magnuscarlsen.com"]
[Date "2020.04.21"]
[Round "2.2"]
[White "Caruana, Fabiano"]
[Black "Ding, Liren"]
[Result "1/2-1/2"]
[WhiteElo "2773"]
[BlackElo "2836"]
[Annotator "TA"]
[PlyCount "145"]
[EventDate "2020.04.18"]
[EventType "tourn"]
[EventCountry "NOR"]
[SourceTitle "playchess.com"]
[Source "ChessBase"]
[SourceQuality "1"]

{[%evp 9,144,24,34,8,27,0,8,24,14,19,31,0,0,10,22,0,0,-1,0,-4,0,-6,0,-16,0,0,0,
-25,-19,-35,-20,-17,-31,-46,-52,-52,25,20,17,18,37,-4,-1,-16,49,36,63,31,16,4,
2,33,10,-138,0,0,0,0,0,0,14,0,0,0,0,0,0,0,0,0,0,0,0,0,0,0,0,0,0,0,0,0,0,0,0,0,
0,0,0,0,0,0,0,0,0,0,0,0,0,0,0,0,0,0,69,3,560,8,8,8,3,3,3,3,3,3,3,3,3,0,0,0,8,6,
6,8,8,8,8,8,8,8,8,8,8,8,8]} 1. e4 c5 2. Nf3 d6 3. d4 cxd4 4. Nxd4 Nf6 5. Nc3 a6
6. Qd3 {B90: Sicilian Najdorf: Unusual White 6th moves, 6 Be3 Ng4 and 6 Be3 e5.
} e6 7. a4 {[#]} b6 $146 (7... e5 $5 {[%cal Re5d4]} 8. Nf3 Nc6 $11) ({
Predecessor:} 7... Nc6 8. Nxc6 bxc6 9. Qg3 d5 10. Bd3 g6 11. O-O Bg7 12. a5 O-O
13. Re1 d4 {1/2-1/2 (40) Oparin,G (2604)-Gelfand,B (2724) Zuerich 2017}) 8. Qg3
Bb7 9. f3 Nbd7 10. Be3 Rc8 11. Be2 Be7 12. O-O O-O 13. Kh1 Re8 14. Rad1 Qc7 15.
Nb3 Qb8 16. Bd4 (16. Rfe1 {is interesting.} Qc7 17. Kg1 Nh5 18. Qf2 Nhf6 19.
Qg3) 16... h6 17. Bd3 Nh5 18. Qf2 (18. Qg4 {with more complications.} Nhf6 19.
Qg3) 18... Nf4 19. Bxb6 Nxd3 20. Rxd3 Ne5 21. Rdd1 Nc4 {[%mdl 1024] Black has
compensation.} 22. Rb1 Bc6 (22... Ba8 $15 23. Be3 Bf6) 23. Bd4 $11 Qb4 24. Nc1
Qb7 25. Nd3 e5 26. Be3 d5 (26... f5 $11) 27. exd5 Bxd5 28. Bc5 Bg5 29. Rbd1 e4
30. fxe4 Bxe4 31. Rde1 {[#]} (31. Nxe4 $11 {remains equal.} Rxe4 32. b3) 31...
Bxd3 (31... Bh4 $1 $17 {[%cal Rh4f2][%mdl 512]} 32. Qxh4 Bxg2+ {[%mdl 64]
Double Attack} 33. Kg1 Bxf1 34. Rxf1 Rc6) 32. Rxe8+ Rxe8 33. cxd3 Nd2 34. Rd1
Qxb2 35. Ne4 Qb3 {[%mdl 64] Double Attack} 36. Rxd2 Rxe4 37. dxe4 Qb1+ {
[%mdl 64] Double Attack} 38. Qg1 Qxg1+ 39. Kxg1 Bxd2 {[%mdl 4096] Endgame KB-KB
} 40. Kf2 f6 41. Ke2 Bf4 42. h3 Kf7 43. Kd3 Ke6 44. Bf2 g6 45. Bd4 h5 46. Kc4
Bd6 47. Bf2 Ba3 48. Bc5 Bc1 49. Bb4 Be3 50. Bc3 h4 51. Ba5 g5 52. Bc7 Bf4 53.
Bxf4 gxf4 {KP-KP} 54. Kd4 a5 $1 55. Kc5 Ke5 56. Kb5 Kxe4 (56... Kd4 $1 $11 57.
Kxa5 Ke3) 57. Kxa5 {K3P-K3P} Ke3 $1 {[%cal Re3f2] [#]} 58. Kb4 $2 (58. Kb6 $1
$18 {a5 is the strong threat.} Kf2 59. a5 Kxg2 60. a6) 58... Kf2 {The position
is equal.} 59. a5 {And now a6 would win.} Kxg2 {K3P-KPP} 60. a6 {Hoping for a7.
} f3 {aiming for ...f2.} (60... Kg1 $5 61. a7 $8 f3 $18) 61. a7 f2 (61... Kg1
$5 62. a8=Q $8 f2 $18) 62. a8=Q+ Kg1 $132 {[%mdl 2048] Black is not holding
back} 63. Qa7 Kg2 64. Qg7+ Kxh3 65. Qxf6 {White wants to mate with Qf3+.} Kg2
66. Qg5+ Kh2 67. Qf4+ Kg2 68. Qg4+ Kh2 69. Qxh4+ Kg2 70. Qg4+ Kh2 71. Qf3 Kg1
72. Qg3+ Kh1 $1 73. Qxf2 {Accuracy: White = 79%, Black = 91%.} 1/2-1/2

[Event "Magnus Carlsen Invitational 2020"]
[Site "magnuscarlsen.com"]
[Date "2020.04.20"]
[Round "2.2"]
[White "Giri, Anish"]
[Black "Nakamura, Hikaru"]
[Result "1/2-1/2"]
[WhiteElo "2731"]
[BlackElo "2829"]
[Annotator "TA"]
[PlyCount "134"]
[EventDate "2020.04.18"]
[EventType "tourn"]
[EventCountry "NOR"]
[SourceTitle "playchess.com"]
[Source "ChessBase"]
[SourceQuality "1"]

{[%evp 18,134,29,20,16,35,37,37,79,76,79,76,75,54,54,55,54,52,56,60,69,53,52,
53,52,24,47,36,56,56,54,54,56,37,39,41,41,38,44,40,40,37,50,50,52,54,55,56,56,
55,64,54,54,47,93,93,93,94,94,94,94,95,103,63,90,90,90,90,90,90,91,90,90,90,90,
90,90,90,90,90,90,90,90,90,90,90,90,90,90,90,90,90,90,80,90,90,90,90,90,90,90,
90,90,90,90,90,90,90,90,90,90,90,90,90,90,90,90,89,89]} 1. d4 Nf6 2. c4 e6 3.
Nf3 d5 4. Nc3 Be7 5. Bf4 O-O 6. e3 Nbd7 7. Be2 dxc4 8. O-O c5 9. dxc5 Nxc5 10.
Bxc4 a6 {D37: Queen's Gambit Declined: 5 Bf4.} 11. Ne5 Ncd7 12. Be2 {[#]} Bb4
$146 {White is slightly better.} ({Predecessor:} 12... Nxe5 13. Bxe5 Qa5 14.
Bg3 Bd7 15. Bf3 Rad8 16. Qb3 b5 17. Rac1 Rc8 18. a3 Qb6 {0-1 (84) Pert,N (2565)
-Meier,G (2630) chess.com INT 2017}) 13. Bf3 Bxc3 14. bxc3 Nd5 15. Bxd5 exd5
16. Qxd5 Nxe5 17. Qxe5 Be6 18. Rfd1 Qc8 19. e4 Qc4 20. Qd4 Rac8 21. Rd3 (21.
Be5 $5 {[%cal Re5g7]}) 21... f5 22. exf5 Rxf5 23. Be5 Qxd4 24. Bxd4 Re8 25. Re3
Bd7 26. Rxe8+ Bxe8 $14 {[%mdl 4096] Endgame KRB-KRB} 27. Re1 Bc6 28. f3 Kf7 29.
Be5 Kg8 30. Kf2 Rf7 31. Bd4 Rf5 32. Re7 Rf7 33. Re5 Rf8 34. Rg5 g6 35. Kg3 (35.
h4 {looks sharper.} Rd8 36. Kg3 Kf7 37. h5 Rd5 38. Kh4) 35... Rf5 36. Rxf5 gxf5
$16 {KB-KB} 37. Kf4 Bd7 38. Kg5 Kf7 39. c4 {[%cal Bc3c4,Bc4c5][%mdl 32]} Be6
40. a4 {[%cal Ba2a4,Ba4a5][%mdl 32]} Bd7 41. a5 {White is better.} Bc8 42. c5
Bd7 43. Bc3 Bc8 44. Bb2 Bd7 45. h3 Bb5 46. Kxf5 Bf1 47. g4 Bxh3 48. Kg5 Bf1 49.
f4 Be2 50. f5 Bd1 51. Bd4 Be2 52. Kf4 Bd1 53. Be5 Be2 54. Bc7 Bd1 55. Bd8 Be2
56. g5 Bd3 57. Ke5 Bc2 58. Bc7 Bd3 59. Kf4 Bc2 60. Be5 Bd3 61. Bd4 Bc2 62. Bf2
Bd3 63. Bh4 Bc2 64. Ke5 Bb1 65. Bf2 Bc2 66. Be3 Bb1 67. f6 Bd3 {Accuracy:
White = 96%, Black = 94%.} 1/2-1/2

[Event "Magnus Carlsen Invitational 2020"]
[Site "magnuscarlsen.com"]
[Date "2020.04.20"]
[Round "2.2"]
[White "Firouzja, Alireza"]
[Black "Carlsen, Magnus"]
[Result "1-0"]
[WhiteElo "2703"]
[BlackElo "2881"]
[Annotator "TA"]
[PlyCount "85"]
[EventDate "2020.04.18"]
[EventType "tourn"]
[EventCountry "NOR"]
[SourceTitle "playchess.com"]
[Source "ChessBase"]
[SourceQuality "1"]

{[%evp 9,85,-5,17,1,5,-15,-8,-23,-7,-11,-14,-11,0,-21,-27,-25,-2,-26,0,-10,10,
16,0,3,12,0,0,0,-2,-9,-10,-10,-10,-32,-14,-30,27,22,27,32,41,0,0,0,12,0,11,0,
53,36,41,53,45,0,0,0,0,0,0,0,0,0,0,-53,-39,-69,-16,-77,0,-129,29988,29989,
29989,29990,29990,29991,29991,29992]} 1. e4 c5 2. Nf3 Nc6 3. Bb5 e6 4. Bxc6
bxc6 5. d3 Qc7 6. Qe2 {B30: Sicilian: 2...Nc6 3 Bb5, lines without ...g6.} e5
7. Nbd2 Ne7 8. Nc4 {The position is equal.} Ng6 {[#]} 9. h4 $146 ({Predecessor:
} 9. a3 f6 10. h4 h5 11. Ne3 d6 12. g3 Be6 13. O-O Ne7 14. b4 cxb4 15. axb4 {
1-0 (53) Pilaj,H (2389)-Wirig,A (2422) Zemplinska Sirava 2004}) 9... h5 10. g3
d6 11. Bd2 f6 12. Ne3 Be7 13. Ng1 Bd8 14. Qf3 Nf8 15. Ne2 Ne6 16. Qg2 a5 17. a4
Nd4 18. f4 Be6 19. b3 Qd7 20. f5 Bf7 21. Nc1 d5 22. O-O c4 (22... O-O $142) 23.
bxc4 $11 dxc4 24. dxc4 Bb6 {Threatens to win with ...Nxc2.} 25. Rb1 Qa7 $1 26.
Kh2 Rd8 27. Rb2 O-O 28. g4 Ne2 (28... hxg4 $11 29. Nxg4 Bxc4) 29. Qxe2 $14 Rxd2
$1 {[%mdl 64] Remove Defender} 30. Qxd2 Bxe3 31. Qe2 Qd4 $1 $36 {[%mdl 2048]
Black has the initiative.} 32. Nd3 {Strongly threatening c3.} Qxe4 {Hoping for
...Bg1+!} 33. Re1 $1 Bf4+ $1 34. Kh3 $1 Qxc4 35. gxh5 Bh6 36. Rb7 ({White
should try} 36. Reb1 $11) 36... Qxa4 $15 37. Rg1 Rd8 (37... Qd4 $15 38. Rg4 Qd5
) 38. Rg3 $11 Qa1 (38... Qc4 $17) 39. Nf2 (39. Qg2 $11 Qd4 40. Qxc6) 39... Rd2
$2 {[%mdl 8192] [#] This move loses the game for Black.} (39... Qc1 $17 40. Rd3
Bd5) 40. Rb8+ $1 {White mates.} Kh7 {[#]} 41. Qg4 $1 Qf1+ 42. Rg2 Qxg2+ 43.
Kxg2 {Accuracy: White = 90%, Black = 80%.} 1-0